Trova il Paese Misterioso Basandoti sul Colore n. 2 - Statistics

Statistiche generali
  • Questo quiz è stato fatto 890 volte
  • Il punteggio medio è 30 su 196
Risposte nella Mappa
Le risposte nella mappa del quiz sottostante sono codificate secondo una scala di colori dal rosso al verde in base alla % di persone che hanno risposto correttamente.
 
Statistiche sulle risposte
Paese % Corretto
Italia
74%
Russia
49%
Egitto
37%
Francia
37%
Repubblica del Congo
37%
Repubblica Democratica del Congo
37%
Cina
34%
Stati Uniti
34%
Sudafrica
34%
Germania
30%
Spagna
30%
Algeria
29%
Libia
29%
Marocco
28%
Sudan
28%
Canada
27%
Brasile
26%
Ciad
25%
Kenya
25%
Turchia
25%
Etiopia
23%
Grecia
22%
Niger
22%
India
21%
Lesotho
21%
Svizzera
21%
Uganda
21%
Australia
20%
Iran
20%
Madagascar
20%
Messico
20%
Sud Sudan
20%
Tanzania
20%
Tunisia
20%
Angola
19%
Mali
19%
Malta
19%
Mozambico
19%
Ruanda
19%
Somalia
19%
Zambia
19%
Namibia
18%
Nigeria
18%
Slovenia
18%
Arabia Saudita
17%
Burundi
17%
Malawi
17%
Zimbabwe
17%
Argentina
16%
Austria
16%
Cipro
16%
Eritrea
16%
Iraq
16%
Polonia
16%
Portogallo
16%
Repubblica Centrafricana
16%
Siria
16%
Ucraina
16%
Albania
15%
Belgio
15%
Croazia
15%
Giappone
15%
Israele
15%
Romania
15%
Serbia
15%
Swaziland
15%
Yemen
15%
Camerun
14%
Cile
14%
Colombia
14%
Gabon
14%
Oman
14%
Regno Unito
14%
Svezia
14%
Afghanistan
13%
Bosnia ed Erzegovina
13%
Cuba
13%
Danimarca
13%
Emirati Arabi Uniti
13%
Ghana
13%
Gibuti
13%
Giordania
13%
Islanda
13%
Libano
13%
Mauritania
13%
Norvegia
13%
Pakistan
13%
Perù
13%
Senegal
13%
Togo
13%
Ungheria
13%
Andorra
12%
Bolivia
12%
Bulgaria
12%
Città del Vaticano
12%
Corea del Sud
12%
Estonia
12%
Finlandia
12%
Gambia
12%
Guatemala
12%
Guinea
12%
Indonesia
12%
Irlanda
12%
Kazakistan
12%
Kosovo
12%
Kuwait
12%
Laos
12%
Liberia
12%
Moldavia
12%
Monaco
12%
Mongolia
12%
Nuova Zelanda
12%
Panama
12%
Paraguay
12%
San Marino
12%
Sao Tome e Principe
12%
Slovacchia
12%
Suriname
12%
Uruguay
12%
Venezuela
12%
Armenia
11%
Azerbaijan
11%
Bahamas
11%
Bahrain
11%
Bangladesh
11%
Belize
11%
Benin
11%
Bhutan
11%
Bielorussia
11%
Birmania
11%
Brunei
11%
Burkina Faso
11%
Cambogia
11%
Capo Verde
11%
Comoros
11%
Corea del Nord
11%
Costa d'Avorio
11%
Costa Rica
11%
Ecuador
11%
El Salvador
11%
Figi
11%
Filippine
11%
Georgia
11%
Giamaica
11%
Guinea-Bissau
11%
Guinea Equatoriale
11%
Guyana
11%
Haiti
11%
Honduras
11%
Isole Marshall
11%
Isole Salomone
11%
Kiribati
11%
Lettonia
11%
Liechtenstein
11%
Lituania
11%
Lussemburgo
11%
Macedonia del Nord
11%
Maldive
11%
Malesia
11%
Mauritius
11%
Montenegro
11%
Nauru
11%
Nepal
11%
Nicaragua
11%
Paesi Bassi
11%
Palau
11%
Papua Nuova Guinea
11%
Qatar
11%
Repubblica Ceca
11%
Repubblica Dominicana
11%
Samoa
11%
Seychelles
11%
Sierra Leone
11%
Singapore
11%
Sri Lanka
11%
Taiwan
11%
Thailandia
11%
Tonga
11%
Trinidad e Tobago
11%
Tuvalu
11%
Uzbekistan
11%
Vanuatu
11%
Vietnam
11%
Antigua e Barbuda
10%
Barbados
10%
Dominica
10%
Grenada
10%
Kirghizistan
10%
Paese misterioso
10%
Saint Kitts e Nevis
10%
Saint Vincent e Grenadine
10%
Santa Lucia
10%
Stati Federati di Micronesia
10%
Tagikistan
10%
Timor Est
10%
Turkmenistan
10%
Nessun quiz corrispondente trovato
Distribuzione punteggi
Percentuale di utenti per punteggio
Percentile per numero di risposta
I tuoi punteggi nel tempo
Non hai fatto questo quiz